000 00619nam a2200181Ia 4500
008 100920s9999 xx 000 0 und d
082 _b40286
_a891.461 0
100 _aपाटणकर श्रीनिवास कृष्ण.
245 _aप्राजक्ताची फुलें.
260 _bरानडे दा.पां.,पुणे.
_c0
300 _a90
_bसाधी
365 _b1.5
520 _aपदय.
630 _aप्राजक्ताची फुलें.
650 _aपदय.
730 _aप्राजक्ताची फुलें.
942 _cBOOK
999 _c691437
_d691434